000 00520nam a2200181Ia 4500
003 OSt
005 20240401122255.0
008 210210b1951 xxu||||| |||| 00| 0 eng d
040 _cAL
041 _aKannada
082 _a854/251
100 _aRAJARATNAM (G P) ರಾಜರತ್ನಂ ಜಿ ಪಿ
_9137128
245 _aShrikavi pampa
_bಶ್ರೀಕವಿ ಪಂಪ
260 _aBengaluru
_bSatyashodhana Prakatana Mandira
_c1951
690 _aKannada Criticism
_9137131
906 _a020100
942 _2ddc
_cBK
999 _c144251
_d144251